[Event "Guernsey op 46th"]
[Site "St James"]
[Date "2022.10.22"]
[Round "7"]
[White "Rogers, Bernard"]
[Black "Berkley, Stephen W"]
[Result "1/2-1/2"]
[WhiteElo "1842"]
[BlackElo "1617"]
[PlyCount "35"]
[EventDate "2022.10.16"]
[EventType "swiss"]
[EventRounds "7"]
[EventCountry "GCI"]
[SourceTitle "EXT 2024"]
[Source "ChessBase"]
[SourceDate "2023.10.10"]
[SourceVersion "1"]
[SourceVersionDate "2023.10.10"]
[SourceQuality "1"]

1. e4 e6 2. d4 d5 3. exd5 exd5 4. Nf3 Bd6 5. Bd3 Ne7 6. 0-0 Bg4 7. Bg5 f6 8. Bh4 Nbc6 9. c3 Qd7 10. Nbd2 0-0-0 11. b4 Ng6 12. Bg3 Nf4 13. Qc2 Nxd3 14. Qxd3 Ne7 15. a4 Bf5 16. Qb5 Bxg3 17. Qxd7+ Kxd7 18. fxg3 1/2-1/2

[Event "London Mindsports Rapid"]
[Site "London"]
[Date "2022.09.11"]
[Round "1.11"]
[White "Finn, Peter"]
[Black "Berkley, Stephen W"]
[Result "1-0"]
[WhiteElo "1978"]
[BlackElo "1367"]
[PlyCount "34"]
[EventDate "2022.09.11"]
[EventType "swiss (rapid)"]
[EventRounds "9"]
[EventCountry "ENG"]
[SourceTitle "CBM 210 Extra"]
[Source "ChessBase"]
[SourceDate "2022.11.30"]
[SourceVersion "1"]
[SourceVersionDate "2022.11.30"]
[SourceQuality "1"]

1. e4 e6 2. d4 d5 3. Nc3 Nf6 4. e5 Nfd7 5. f4 c5 6. Nf3 Nc6 7. Be3 Be7 8. Qd2 a6 9. dxc5 Bxc5 10. Bxc5 Nxc5 11. 0-0-0 0-0 12. Kb1 b5 13. Qe3 Qe7 14. f5 b4 15. f6 gxf6 16. exf6 Qxf6 17. Qxc5 bxc3 1-0

[Event "EU-ch Seniors 65 21st"]
[Site "Lublin"]
[Date "2022.07.09"]
[Round "5"]
[White "Berkley, Stephen W"]
[Black "Kasprzyk, Irena"]
[Result "1/2-1/2"]
[WhiteElo "1525"]
[BlackElo "2017"]
[PlyCount "67"]
[EventDate "2022.07.05"]
[EventType "swiss"]
[EventRounds "9"]
[EventCountry "POL"]
[SourceTitle "CBM 209 Extra"]
[Source "ChessBase"]
[SourceDate "2022.09.30"]
[SourceVersion "1"]
[SourceVersionDate "2022.09.30"]
[SourceQuality "1"]

1. d4 d6 2. g3 g6 3. Bg2 c6 4. Nf3 Bg7 5. 0-0 Nd7 6. c4 Qc7 7. Nc3 Ngf6 8. e4 e5 9. Rb1 0-0 10. h3 Re8 11. Re1 a6 12. a4 Rb8 13. Be3 c5 14. dxe5 dxe5 15. Qc2 b6 16. Rbd1 Bb7 17. Nd5 Bxd5 18. cxd5 Qd6 19. Bf1 b5 20. axb5 axb5 21. b3 Rec8 22. Nd2 Ne8 23. Bd3 Qc7 24. Ra1 Nd6 25. Rec1 f5 26. Ra6 fxe4 27. Bxe4 Nf6 28. Rc6 Qd7 29. Bxc5 Ndxe4 30. Nxe4 Rxc6 31. dxc6 Qxc6 32. Bd6 Qxc2 33. Nxf6+ Bxf6 34. Rxc2 1/2-1/2

[Event "London Classic op U1825 11th"]
[Site "London"]
[Date "2019.11.29"]
[Round "1"]
[White "Caceres De la Calle, Eduardo"]
[Black "Berkley, Stephen W"]
[Result "1/2-1/2"]
[WhiteElo "1623"]
[BlackElo "1280"]
[PlyCount "60"]
[EventDate "2019.11.29"]
[EventType "swiss"]
[EventRounds "5"]
[EventCountry "ENG"]
[SourceTitle "CBM 195 Extra"]
[Source "ChessBase"]
[SourceDate "2020.05.31"]
[SourceVersion "1"]
[SourceVersionDate "2020.05.31"]
[SourceQuality "1"]

1. e4 e6 2. d4 d5 3. exd5 Qxd5 4. Nc3 Bb4 5. Nf3 Nf6 6. a3 Bxc3+ 7. bxc3 b6 8. c4 Qd8 9. Bb2 Bb7 10. Bd3 0-0 11. Qd2 Nbd7 12. Qg5 Be4 13. 0-0-0 Bxd3 14. Rxd3 Ne4 15. Qe3 Nef6 16. Ne5 Qe7 17. h3 Nxe5 18. Qxe5 Qd6 19. Qg5 h6 20. Qe3 Qc6 21. d5 exd5 22. cxd5 Qd6 23. Be5 Qe7 24. Re1 Ne8 25. Qg3 Qg5+ 26. Kb2 Qxg3 27. Bxg3 f6 28. Re7 Rf7 29. Rde3 Kf8 30. R7e4 Rd8 1/2-1/2

[Event "IECC CL4-2005.11 email"]
[Site "IECC email"]
[Date "2005.11.01"]
[Round "?"]
[White "Berkley, Stephen W"]
[Black "Manis, Jose"]
[Result "0-1"]
[WhiteElo "1758"]
[BlackElo "1580"]
[PlyCount "58"]
[EventDate "2005.??.??"]
[EventType "tourn (corr)"]
[EventRounds "4"]
[SourceTitle "Corr 2008"]
[Source "ChessBase"]
[SourceDate "2008.06.24"]
[SourceVersion "1"]
[SourceVersionDate "2008.06.24"]
[SourceQuality "1"]

1. d4 Nf6 2. c4 e6 3. Nc3 Bb4 4. Bg5 c5 5. d5 Bxc3+ 6. bxc3 d6 7. e3 e5 8. f3 Nbd7 9. Bd3 Qe7 10. Qc2 h6 11. Bh4 g5 12. Bg3 h5 13. Rb1 h4 14. Bf2 e4 15. fxe4 Ne5 16. Be2 Neg4 17. Bxg4 Nxg4 18. Nf3 h3 19. 0-0 hxg2 20. Kxg2 f6 21. Bg1 Ne5 22. Nxe5 Qxe5 23. Rf3 Rh4 24. Rbf1 Rh6 25. Rg3 Bd7 26. h3 0-0-0 27. Bh2 Rxh3 28. Rxh3 Bxh3+ 29. Kg1 Qe7 0-1

[Event "IECC KO-5047"]
[Site "IECC email"]
[Date "2005.07.06"]
[Round "?"]
[White "Endean, Andrew"]
[Black "Berkley, Stephen W"]
[Result "1/2-1/2"]
[WhiteElo "1859"]
[BlackElo "1706"]
[PlyCount "64"]
[EventDate "2005.??.??"]
[EventType "match (corr)"]
[EventRounds "2"]
[SourceTitle "Corr 2008"]
[Source "ChessBase"]
[SourceDate "2008.06.24"]
[SourceVersion "1"]
[SourceVersionDate "2008.06.24"]
[SourceQuality "1"]

1. d4 d6 2. e4 Nd7 3. Nf3 g6 4. c4 Bg7 5. Nc3 c6 6. Be2 e6 7. 0-0 Ne7 8. Be3 0-0 9. Qd2 a6 10. Rad1 b5 11. a3 bxc4 12. Bxc4 d5 13. Ba2 Bb7 14. e5 c5 15. Rfe1 cxd4 16. Bxd4 Nc6 17. Rc1 Nxd4 18. Qxd4 Qb6 19. Qxb6 Nxb6 20. Nd4 Rac8 21. f4 Nc4 22. Rc2 g5 23. g3 Kh8 24. Kf2 Rfe8 25. Bxc4 Rxc4 26. Ke3 gxf4+ 27. gxf4 Bh6 28. Kd3 Rg8 29. b3 Rcc8 30. Rf1 Rg4 31. Nce2 Rxc2 32. Kxc2 Rg2 1/2-1/2

[Event "IECC KO email"]
[Site "IECC email"]
[Date "2002.12.12"]
[Round "?"]
[White "Berkley, Stephen W"]
[Black "Rakovic, Miroslav"]
[Result "0-1"]
[WhiteElo "1577"]
[BlackElo "1733"]
[PlyCount "36"]
[EventDate "2002.??.??"]
[EventType "tourn (corr)"]
[EventRounds "6"]
[SourceTitle "Corr 2008"]
[Source "ChessBase"]
[SourceDate "2008.06.24"]
[SourceVersion "1"]
[SourceVersionDate "2008.06.24"]
[SourceQuality "1"]

1. d4 Nf6 2. c4 g6 3. Nc3 Bg7 4. e4 d6 5. Be2 0-0 6. f4 c5 7. d5 e6 8. Nf3 exd5 9. cxd5 Bg4 10. 0-0 Nbd7 11. Re1 Re8 12. h3 Bxf3 13. Bxf3 Qa5 14. Be3 b5 15. a3 Nb6 16. e5 Nfd7 17. e6 Nc4 18. Qb3 Nxe3 0-1

[Event "IECC KO email"]
[Site "IECC email"]
[Date "2002.10.02"]
[Round "?"]
[White "Berkley, Stephen W"]
[Black "Krysiak, Tomasz"]
[Result "0-1"]
[WhiteElo "1644"]
[BlackElo "1981"]
[PlyCount "60"]
[EventDate "2002.??.??"]
[EventType "tourn (corr)"]
[EventRounds "6"]
[SourceTitle "Corr 2008"]
[Source "ChessBase"]
[SourceDate "2008.06.24"]
[SourceVersion "1"]
[SourceVersionDate "2008.06.24"]
[SourceQuality "1"]

1. e4 e5 2. Nf3 Nc6 3. Bb5 a6 4. Ba4 Nf6 5. 0-0 Be7 6. Re1 b5 7. Bb3 d6 8. c3 0-0 9. h3 Na5 10. Bc2 c5 11. d4 Qc7 12. Nbd2 cxd4 13. cxd4 Nc6 14. Nb3 a5 15. Be3 a4 16. Nbd2 Nb4 17. Bb1 Bd7 18. a3 Nc6 19. Bd3 Qb7 20. d5 Na5 21. Rc1 Rfc8 22. Qe2 Bd8 23. Rc2 Rxc2 24. Bxc2 Bb6 25. Bg5 Ne8 26. Rc1 Rc8 27. Qd1 h6 28. Be3 Bxe3 29. fxe3 Qb6 30. Qe1 Qc5 0-1